000 00836nmm a2200277 a 4500
003 AR-BaBNM
005 20251128211629.0
008 145020s1999 ||||||||||||||000 | spa||
020 _a987-9328-04-3
040 _cAR-BaBNM
100 1 _aMartinez, Paulina
245 1 0 _aRaíces americanas
_bselección de cuentos, leyendas y poesías americanas. Juego teatral
260 _aBuenos Aires
_c1999
_bH.L.R.
300 0 _a92 p.
_bil.
650 4 _aLITERATURA LATINOAMERICANA
650 4 _aLITERATURA FOLKLORICA
650 4 _aLIBROS PARA NINOS
653 _aLITERATURA JUVENIL
655 _aLITERATURA
700 1 _aGazés, Marta P. G. de
_ecoordinador
700 1 _aRodríguez Equiza, Silvia
_ecorrector
700 1 _aAprea, Alberto
_eilustrador
700 1 _aChiappetta, Ezequiel
_ediseño
942 _cBK
998 _cEugenia
999 _c20505
_d20505